| 000 | 00371cam a2200145ua 4500 | ||
|---|---|---|---|
| 041 |
_aeng _h |
||
| 082 |
_a028.72682 _bLIL/BL |
||
| 100 | _aLillico, J.W . | ||
| 245 |
_aBlacksmith`s manual illustrated / _cJ.W Lillico. _hTextual Documents |
||
| 260 |
_aMumbai : _bAsia Publishing House , _c1962. |
||
| 300 | _a213 ; . | ||
| 504 | _a | ||
| 942 | _cBK | ||
| 999 |
_c5403 _d5403 |
||